000 00337nam a2200133Ia 4500
005 20260326100039.0
008 260326s9999||||xx |||||||||||||| ||und||
100 _aBossa Herazo, Donaldo
245 0 _aGuia artistica de Cartagena de Indias /
_cDonaldo Bossa Herazo
260 _bRetina
300 _a150 p.
650 _aARTE
942 _cBK
999 _c6932
_d6932